| 000 | 00419nam a2200109Ia 4500 | ||
|---|---|---|---|
| 008 | 220216s9999 xx 000 0 und d | ||
| 100 | _aSur R N | ||
| 245 | 0 | _aBoosting effect of polyethylene glycol on sulphur accelerated crosslinking reactions: A study | |
| 260 |
_bProceedings of the International Conference on Rubbers, Calcutta, December 12-14, 1997, Vol. II, pp. 203-206. _c1997 |
||
| 700 | _aGhosh A K | ||
| 942 | _cJS | ||
| 999 |
_c54896 _d54896 |
||